<?xml version="1.0" encoding="UTF-8"?>
<record
    xmlns:xsi="http://www.w3.org/2001/XMLSchema-instance"
    xsi:schemaLocation="http://www.loc.gov/MARC21/slim http://www.loc.gov/standards/marcxml/schema/MARC21slim.xsd"
    xmlns="http://www.loc.gov/MARC21/slim">

  <leader>03508njm a2200529Ia 4500</leader>
  <controlfield tag="001">23903</controlfield>
  <controlfield tag="003">IT-RoPAU</controlfield>
  <controlfield tag="005">20220918181120.0</controlfield>
  <controlfield tag="008">131025s9999    xx            000 0 und d</controlfield>
  <datafield tag="040" ind1=" " ind2=" ">
    <subfield code="a">IT-RoPAU</subfield>
  </datafield>
  <datafield tag="040" ind1=" " ind2=" ">
    <subfield code="c">IT-RoPAU</subfield>
  </datafield>
  <datafield tag="041" ind1=" " ind2=" ">
    <subfield code="a">ITALIANO</subfield>
  </datafield>
  <datafield tag="999" ind1=" " ind2=" ">
    <subfield code="c">99754</subfield>
    <subfield code="d">99754</subfield>
  </datafield>
  <datafield tag="999" ind1=" " ind2=" ">
    <subfield code="b">n.d.</subfield>
  </datafield>
  <datafield tag="100" ind1=" " ind2=" ">
    <subfield code="a">AA.VV.</subfield>
    <subfield code="9">794</subfield>
  </datafield>
  <datafield tag="100" ind1=" " ind2=" ">
    <subfield code="e">Autore musica</subfield>
    <subfield code="9">7257</subfield>
  </datafield>
  <datafield tag="100" ind1=" " ind2=" ">
    <subfield code="g">Codice autore musica SPICS: 12000</subfield>
    <subfield code="9">796</subfield>
  </datafield>
  <datafield tag="245" ind1=" " ind2=" ">
    <subfield code="a">Juke box-I grandi successi italiani vol.04 (canzoni sulla spiaggia)</subfield>
  </datafield>
  <datafield tag="250" ind1=" " ind2=" ">
    <subfield code="a">2a ed.</subfield>
  </datafield>
  <datafield tag="260" ind1=" " ind2=" ">
    <subfield code="a">ITALIA</subfield>
  </datafield>
  <datafield tag="260" ind1=" " ind2=" ">
    <subfield code="b">SELEZIONE</subfield>
    <subfield code="c">1980 [1a Ed.:1980]</subfield>
  </datafield>
  <datafield tag="300" ind1=" " ind2=" ">
    <subfield code="a">DISCO</subfield>
  </datafield>
  <datafield tag="500" ind1=" " ind2=" ">
    <subfield code="a">Migliori canzoni italiane da cantare sulla spiaggia</subfield>
  </datafield>
  <datafield tag="505" ind1=" " ind2=" ">
    <subfield code="a">Una lacrima sul viso (Solo Bobby) - Se mi perderai (Fidenco Nico) - Come te non c'&#xE8; nessuno (Migliacci Franco) - Abbronzatissima (Vianello Edoardo) - Roberta (Di Capri Peppino) - Stessa spiaggia stesso mare [Mina (Mazzini A.M.)] - Ogni volta (Anka Paul) - Se mi vuoi lasciare (Michele) - Chariot (Curtis Betty) - Eravamo amici (Dino) - Quelli della mia et&#xE0; (Spaak Catherine) - Sapore di sale (Paoli Gino) </subfield>
  </datafield>
  <datafield tag="650" ind1=" " ind2=" ">
    <subfield code="a">CANZONE ITALIAN [DISCHI]</subfield>
    <subfield code="e">Codice MATERIA SPICS: 9950</subfield>
    <subfield code="9">7258</subfield>
  </datafield>
  <datafield tag="700" ind1=" " ind2=" ">
    <subfield code="a">Mogol (Rapetti Giulio)</subfield>
    <subfield code="d">Codice autore musica SPICS: 13643</subfield>
    <subfield code="e">Autore musica</subfield>
    <subfield code="p">Una lacrima sul viso - Stessa spiaggia stesso mare</subfield>
    <subfield code="9">7259</subfield>
  </datafield>
  <datafield tag="700" ind1=" " ind2=" ">
    <subfield code="a">Lunero</subfield>
    <subfield code="d">Codice autore testo/musica SPICS: 14075</subfield>
    <subfield code="e">Autore testo/musica</subfield>
    <subfield code="p">Una lacrima sul viso</subfield>
    <subfield code="9">7260</subfield>
  </datafield>
  <datafield tag="700" ind1=" " ind2=" ">
    <subfield code="a">Fidenco Nico</subfield>
    <subfield code="d">Codice autore musica SPICS: 13843</subfield>
    <subfield code="e">Autore musica</subfield>
    <subfield code="p">Se mi perderai</subfield>
    <subfield code="9">7261</subfield>
  </datafield>
  <datafield tag="700" ind1=" " ind2=" ">
    <subfield code="a">Tassone</subfield>
    <subfield code="d">Codice autore testo/musica SPICS: 26090</subfield>
    <subfield code="e">Autore testo/musica</subfield>
    <subfield code="p">Se mi perderai</subfield>
    <subfield code="9">7262</subfield>
  </datafield>
  <datafield tag="700" ind1=" " ind2=" ">
    <subfield code="a">Pavone Rita</subfield>
    <subfield code="d">Codice autore musica SPICS: 13848</subfield>
    <subfield code="e">Autore musica</subfield>
    <subfield code="p">Come te non c'&#xE8; nessuno</subfield>
    <subfield code="9">7263</subfield>
  </datafield>
  <datafield tag="700" ind1=" " ind2=" ">
    <subfield code="a">Vassallo</subfield>
    <subfield code="d">Codice autore testo/musica SPICS: 25259</subfield>
    <subfield code="e">Autore testo/musica</subfield>
    <subfield code="p">Come te non c'&#xE8; nessuno</subfield>
    <subfield code="9">7264</subfield>
  </datafield>
  <datafield tag="700" ind1=" " ind2=" ">
    <subfield code="a">Rossi Carlo Alberto (Cicero)</subfield>
    <subfield code="d">Codice autore musica SPICS: 13130</subfield>
    <subfield code="e">Autore musica</subfield>
    <subfield code="p">Abbronzatissima - Ogni volta - Eravamo amici</subfield>
    <subfield code="9">7265</subfield>
  </datafield>
  <datafield tag="700" ind1=" " ind2=" ">
    <subfield code="a">Vianello Edoardo</subfield>
    <subfield code="d">Codice autore testo/musica SPICS: 13844</subfield>
    <subfield code="e">Autore testo/musica</subfield>
    <subfield code="p">Abbronzatissima</subfield>
    <subfield code="9">7266</subfield>
  </datafield>
  <datafield tag="700" ind1=" " ind2=" ">
    <subfield code="a">Naddeo</subfield>
    <subfield code="d">Codice autore musica SPICS: 26089</subfield>
    <subfield code="e">Autore musica</subfield>
    <subfield code="p">Roberta</subfield>
    <subfield code="9">7267</subfield>
  </datafield>
  <datafield tag="700" ind1=" " ind2=" ">
    <subfield code="a">Lepore Georgia</subfield>
    <subfield code="d">Codice autore testo/musica SPICS: 13075</subfield>
    <subfield code="e">Autore testo/musica</subfield>
    <subfield code="p">Roberta</subfield>
    <subfield code="9">7268</subfield>
  </datafield>
  <datafield tag="700" ind1=" " ind2=" ">
    <subfield code="a">Soffici Piero</subfield>
    <subfield code="d">Codice autore testo/musica SPICS: 13661</subfield>
    <subfield code="e">Autore testo/musica</subfield>
    <subfield code="p">Stessa spiaggia stesso mare</subfield>
    <subfield code="9">7269</subfield>
  </datafield>
  <datafield tag="700" ind1=" " ind2=" ">
    <subfield code="a">Robifer</subfield>
    <subfield code="d">Codice autore testo/musica SPICS: 14076</subfield>
    <subfield code="e">Autore testo/musica</subfield>
    <subfield code="p">Ogni volta</subfield>
    <subfield code="9">7270</subfield>
  </datafield>
  <datafield tag="700" ind1=" " ind2=" ">
    <subfield code="a">Reverberi Gianpiero</subfield>
    <subfield code="d">Codice autore musica SPICS: 8146</subfield>
    <subfield code="e">Autore musica</subfield>
    <subfield code="p">Se mi vuoi lasciare</subfield>
    <subfield code="9">7271</subfield>
  </datafield>
  <datafield tag="700" ind1=" " ind2=" ">
    <subfield code="a">Leva</subfield>
    <subfield code="d">Codice autore testo/musica SPICS: 14077</subfield>
    <subfield code="e">Autore testo/musica</subfield>
    <subfield code="p">Se mi vuoi lasciare</subfield>
    <subfield code="9">7272</subfield>
  </datafield>
  <datafield tag="700" ind1=" " ind2=" ">
    <subfield code="a">Del Roma</subfield>
    <subfield code="d">Codice autore musica SPICS: 15584</subfield>
    <subfield code="e">Autore musica</subfield>
    <subfield code="p">Chariot</subfield>
    <subfield code="9">7273</subfield>
  </datafield>
  <datafield tag="700" ind1=" " ind2=" ">
    <subfield code="a">Abbate Mario</subfield>
    <subfield code="d">Codice autore SPICS: 13670</subfield>
    <subfield code="e">Autore</subfield>
    <subfield code="p">Chariot</subfield>
    <subfield code="9">7274</subfield>
  </datafield>
  <datafield tag="700" ind1=" " ind2=" ">
    <subfield code="a">Pallesi Bruno</subfield>
    <subfield code="d">Codice autore testo/musica SPICS: 13598</subfield>
    <subfield code="e">Autore testo/musica</subfield>
    <subfield code="p">Chariot</subfield>
    <subfield code="9">7275</subfield>
  </datafield>
  <datafield tag="700" ind1=" " ind2=" ">
    <subfield code="a">Shell</subfield>
    <subfield code="d">Codice autore musica SPICS: 14078</subfield>
    <subfield code="e">Autore musica</subfield>
    <subfield code="p">Eravamo amici</subfield>
    <subfield code="9">7276</subfield>
  </datafield>
  <datafield tag="700" ind1=" " ind2=" ">
    <subfield code="a">Hardy Francoise</subfield>
    <subfield code="d">Codice autore musica SPICS: 10944</subfield>
    <subfield code="e">Autore musica</subfield>
    <subfield code="p">Quelli della mia et&#xE0;</subfield>
    <subfield code="9">7277</subfield>
  </datafield>
  <datafield tag="700" ind1=" " ind2=" ">
    <subfield code="a">Pallavicini Vito</subfield>
    <subfield code="d">Codice autore testo/musica SPICS: 13656</subfield>
    <subfield code="e">Autore testo/musica</subfield>
    <subfield code="p">Quelli della mia et&#xE0;</subfield>
    <subfield code="9">7278</subfield>
  </datafield>
  <datafield tag="700" ind1=" " ind2=" ">
    <subfield code="a">Paoli Gino</subfield>
    <subfield code="d">Codice autore testo/musica SPICS: 11057</subfield>
    <subfield code="e">Autore testo/musica</subfield>
    <subfield code="p">Sapore di sale</subfield>
    <subfield code="9">7279</subfield>
  </datafield>
  <datafield tag="942" ind1=" " ind2=" ">
    <subfield code="c">MD</subfield>
    <subfield code="2">ddc</subfield>
  </datafield>
  <datafield tag="952" ind1=" " ind2=" ">
    <subfield code="0">0</subfield>
    <subfield code="1">0</subfield>
    <subfield code="4">0</subfield>
    <subfield code="6">23903_000000000000000</subfield>
    <subfield code="7">1</subfield>
    <subfield code="a">SPICS</subfield>
    <subfield code="b">SPICS</subfield>
    <subfield code="d">2013-10-25</subfield>
    <subfield code="l">0</subfield>
    <subfield code="o">23903</subfield>
    <subfield code="r">2013-10-25 00:00:00</subfield>
    <subfield code="w">2013-10-25</subfield>
    <subfield code="y">MD</subfield>
    <subfield code="z">Progr. Ins.: 4750 / N.Vol.: 1 / Copie: 1 - Copia rara: n.d. / date import: 01.01.2014 - By Epidotti, Trombetti, Vaglietti</subfield>
  </datafield>
</record>
